000 00619nam a22001817a 4500
005 20251108172124.0
008 250721s2001 xx 000 0 ara d
082 1 4 _a910.4/أند
100 1 _aالأندلسي، محمد بن جبر
_eمؤلف
245 1 0 _aتذكرة بالإخبار عن إتفاقات الأسفار /
264 1 _aأبو ظبي :
_bدار السويدي للنشر والتوزيع،
_c2001.
300 _a273ص.
650 1 7 _aالرحلات الجغرافية
650 1 7 _aأدب الرحلات
700 1 _aكنعان، علي أحمد
_eمحرر
942 _2ddc
_cBK
999 _c71013
_d71013